| 000 | 01064nam a2200313 i 4500 | ||
|---|---|---|---|
| 003 | EG-GICUC | ||
| 005 | 20260302061436.0 | ||
| 008 | 260302s2005 sz ||||fr|||| 00| 0 fre d | ||
| 020 | _a2802720945 | ||
| 040 |
_aEG-GiCUC _bfre _cEG-GiCUC _dEG-GiCUC _eRda |
||
| 082 | 0 | 4 |
_221 _a341.48 _bRA |
| 092 | 0 | 4 | _221 |
| 099 | _aLaw1 11 341.48 RA 2005 | ||
| 245 | 1 | 3 |
_aLe Rayonnement International De La Jurisprudence De La Cour Européenne Des Droits De L'homme / _b _cGérard Cohen-jonathan, Jean-françois Flauss. _n |
| 264 | 1 |
_aBruxelles : _bNemesis, _c2005. |
|
| 300 |
_a276page : _billustration ; _c 24 cm. |
||
| 336 |
_2rda contenu _a texte |
||
| 337 |
_2rda medias _aOrdinateur |
||
| 338 |
_2 transporteur rda _a Ressource en ligne |
||
| 504 | _a | ||
| 546 | _aTexte en français | ||
| 650 | 1 | 4 |
_aDroit international public _2 |
| 651 | 1 | _2 | |
| 700 | 1 |
_aCohen-jonathan, Gérard _eÉditeur |
|
| 700 | 1 |
_aFlauss, Jean-françois _eÉditeur |
|
| 856 | 4 | 0 | _uhttps://fll.law.cu.edu.eg/fulltext/bks/B11-08813.pdf |
| 905 | _a50 | ||
| 942 |
_2ddc _cBK _e21 _n0 |
||
| 999 |
_c64557 _d64557 |
||